[Event "IND-ch 59th"]
[Site "New Delhi"]
[Date "2023.01.02"]
[Round "12"]
[White "Lad, Mandar Pradip"]
[Black "Srinivasa Rao, M."]
[Result "0-1"]
[WhiteElo "1727"]
[BlackElo "2142"]
[PlyCount "118"]
[EventDate "2022.12.22"]
[EventType "swiss"]
[EventRounds "13"]
[EventCountry "IND"]
[SourceTitle "CBM 211 Extra"]
[Source "ChessBase"]
[SourceDate "2023.01.31"]
[SourceVersion "1"]
[SourceVersionDate "2023.01.31"]
[SourceQuality "1"]

1. d4 Nf6 2. c4 g6 3. Nc3 d5 4. Nf3 Bg7 5. Bg5 Ne4 6. cxd5 Nxg5 7. Nxg5 e6 8. Qd2 h6 9. Nh3 exd5 10. Qe3+ Kf8 11. Nf4 c6 12. Qf3 Qf6 13. e3 g5 14. Nh5 Qxf3 15. gxf3 Bf5 16. Kd2 Bg6 17. Nxg7 Kxg7 18. Bd3 Bxd3 19. Kxd3 Nd7 20. e4 Rad8 21. exd5 cxd5 22. Rhe1 h5 23. Rac1 b6 24. Nb5 Rh6 25. Nxa7 Rf6 26. Re3 Ra8 27. Rc7 Nf8 28. a3 Ne6 29. Rb7 Nf4+ 30. Kd2 Ng2 31. Re5 Kg6 32. Nb5 Nh4 33. Rxd5 Nxf3+ 34. Kd1 Re8 35. Rd6 Re1+ 36. Kc2 Rxd6 37. Nxd6 f6 38. Rxb6 Nxh2 39. Nc4 Nf3 40. d5 h4 41. Rb3 g4 42. d6 Re8 43. Re3 Rc8 44. Re4 f5 45. d7 Rd8 46. Re6+ Kg5 47. Re7 h3 48. Nd6 Kf6 49. Rh7 Kg6 50. Rh6+ Kxh6 51. Nf7+ Kg6 52. Nxd8 Ne5 53. Ne6 Nxd7 54. Nf4+ Kg5 55. Ne6+ Kh6 56. Nd4 Kg5 57. Ne6+ Kf6 58. Nf4 Ke5 59. Ne2 f4 0-1

[Event "IND-ch 59th"]
[Site "New Delhi"]
[Date "2022.12.26"]
[Round "5"]
[White "Sanjay, S Pillai"]
[Black "Srinivasa Rao, M."]
[Result "1-0"]
[WhiteElo "1799"]
[BlackElo "2142"]
[PlyCount "45"]
[EventDate "2022.12.22"]
[EventType "swiss"]
[EventRounds "13"]
[EventCountry "IND"]
[SourceTitle "CBM 211 Extra"]
[Source "ChessBase"]
[SourceDate "2023.01.31"]
[SourceVersion "1"]
[SourceVersionDate "2023.01.31"]
[SourceQuality "1"]

1. e4 e5 2. Nf3 Nf6 3. d4 Nxe4 4. Bd3 d5 5. Nxe5 Nd6 6. Qf3 Be6 7. Nc3 c6 8. 0-0 Nd7 9. Re1 Nf6 10. Ne2 Qc7 11. Nf4 0-0-0 12. Nxe6 fxe6 13. Bf4 Re8 14. c4 dxc4 15. Nxc4 Qd8 16. Qh3 Nxc4 17. Bxc4 Nd5 18. Bg3 Nc7 19. Bxe6+ Nxe6 20. Rxe6 Rxe6 21. Qxe6+ Qd7 22. Qe5 Kd8 23. d5 1-0

[Event "IND-ch 59th"]
[Site "New Delhi"]
[Date "2022.12.25"]
[Round "4"]
[White "Srinivasa Rao, M."]
[Black "Venkatesh, Marani Rajendran"]
[Result "0-1"]
[WhiteElo "2142"]
[BlackElo "2459"]
[PlyCount "126"]
[EventDate "2022.12.22"]
[EventType "swiss"]
[EventRounds "13"]
[EventCountry "IND"]
[SourceTitle "CBM 211 Extra"]
[Source "ChessBase"]
[SourceDate "2023.01.31"]
[SourceVersion "1"]
[SourceVersionDate "2023.01.31"]
[SourceQuality "1"]

1. d4 Nf6 2. Bf4 d5 3. e3 c5 4. Nc3 e6 5. Nb5 Na6 6. h3 Be7 7. Nf3 0-0 8. c3 Bd7 9. a4 Be8 10. Be2 c4 11. 0-0 Qa5 12. b3 cxb3 13. Qxb3 Ne4 14. Rfc1 Bc6 15. Bd3 Rfc8 16. Ne5 Nf6 17. Qd1 Be8 18. Qb3 Qd8 19. a5 h6 20. Rcb1 Ne4 21. Bxe4 dxe4 22. Nc4 Rc6 23. Nba3 f6 24. Bg3 Nc7 25. Nd2 b6 26. c4 bxa5 27. Nxe4 Bg6 28. Qd3 Kh7 29. Bxc7 Rxc7 30. Rc1 a6 31. f3 e5 32. Qd1 Rd7 33. d5 f5 34. Nf2 Rc8 35. Qe2 Bxa3 36. Rxa3 Rxd5 37. Nd3 Qe7 38. Raa1 Rd6 39. Rxa5 Qd8 40. Ra3 e4 41. fxe4 fxe4 42. Nf4 Rc5 43. Ra2 Bf7 44. Rac2 Rdc6 45. Qg4 Qc8 46. Qxc8 Rxc8 47. Ne2 Rxc4 48. Rxc4 Bxc4 49. Ng3 Rc6 50. Nxe4 Bd5 51. Rxc6 Bxc6 52. Nd2 a5 53. Kf2 a4 54. Nb1 h5 55. g3 Kg6 56. Na3 Kf6 57. Ke2 Bg2 58. h4 Kf5 59. Nb5 Bd5 60. Kf2 Ke5 61. Na3 Ke4 62. Ke2 Be6 63. Nb1 Bg4+ 0-1

[Event "IND-ch 59th"]
[Site "New Delhi"]
[Date "2022.12.23"]
[Round "2"]
[White "Harshavardhan, GB."]
[Black "Srinivasa Rao, M."]
[Result "1-0"]
[WhiteElo "2434"]
[BlackElo "2142"]
[PlyCount "57"]
[EventDate "2022.12.22"]
[EventType "swiss"]
[EventRounds "13"]
[EventCountry "IND"]
[SourceTitle "CBM 211 Extra"]
[Source "ChessBase"]
[SourceDate "2023.01.31"]
[SourceVersion "1"]
[SourceVersionDate "2023.01.31"]
[SourceQuality "1"]

1. d4 Nf6 2. c4 g6 3. Nc3 d5 4. h4 Bg7 5. h5 c5 6. h6 Bf8 7. cxd5 Nxd5 8. e4 Nxc3 9. bxc3 cxd4 10. cxd4 f5 11. exf5 Bxf5 12. Nf3 e6 13. Bb5+ Nc6 14. 0-0 Qd5 15. Qa4 Bd6 16. Re1 0-0-0 17. Bg5 Rd7 18. Bc4 Qa5 19. Qxa5 Nxa5 20. Bxe6 Bxe6 21. Rxe6 Bc7 22. Bf6 Rf8 23. Rae1 b5 24. Ne5 Bxe5 25. R1xe5 Rb7 26. Rc5+ Kb8 27. Be5+ Ka8 28. d5 Nc4 29. Bc7 1-0

[Event "Olomouc op 22nd"]
[Site "Olomouc"]
[Date "2019.08.11"]
[Round "3"]
[White "Srinivasa Rao, M."]
[Black "Dambrauskas, Virginijus A"]
[Result "1/2-1/2"]
[WhiteElo "2090"]
[BlackElo "2253"]
[PlyCount "157"]
[EventDate "2019.08.10"]
[EventType "swiss"]
[EventRounds "9"]
[EventCountry "CZE"]
[SourceTitle "CBM 191 Extra"]
[Source "ChessBase"]
[SourceDate "2019.09.30"]
[SourceVersion "1"]
[SourceVersionDate "2019.09.30"]
[SourceQuality "1"]

1. c4 e6 2. Nf3 d5 3. d4 c6 4. Qc2 Bd6 5. g3 Nf6 6. Nbd2 0-0 7. Bg2 Nbd7 8. 0-0 b6 9. e4 dxe4 10. Nxe4 Nxe4 11. Qxe4 Bb7 12. Rd1 Qc7 13. Qe2 Rfe8 14. Ng5 Nf6 15. Ne4 Nxe4 16. Bxe4 c5 17. Bxb7 Qxb7 18. Be3 Rad8 19. b3 cxd4 20. Bxd4 e5 21. Be3 Be7 22. Rxd8 Rxd8 23. Rd1 Rxd1+ 24. Qxd1 f5 25. Qd3 g6 26. a4 Kf7 27. h4 Ke6 28. Kf1 Qd7 29. Qxd7+ Kxd7 30. a5 Kc6 31. axb6 axb6 32. Ke2 b5 33. Kd3 Bf6 34. f3 Be7 35. Bf2 h5 36. Be3 Bb4 37. Bf2 Bd6 38. Be3 Ba3 39. Bf2 Bc1 40. Be1 Bh6 41. Bc3 bxc4+ 42. bxc4 Kd6 43. Bb4+ Ke6 44. Bc5 Bg7 45. Bf2 Bf8 46. Bb6 Bb4 47. Ke2 Kd6 48. Bf2 Kc6 49. Kd3 Ba5 50. Ke2 Bc3 51. Kd3 Bb4 52. Ke2 Bc5 53. Be1 Bd4 54. Bb4 Kd7 55. Be1 Kd6 56. Bb4+ Kc6 57. Bf8 Bc5 58. Bh6 Kb6 59. Bd2 Bd6 60. Kd3 Kc6 61. Be1 Bc5 62. Ke2 Kd6 63. Bd2 Bd4 64. Bb4+ Ke6 65. Be1 Kf6 66. Kd3 Bc5 67. Ke2 Ke6 68. Kd3 Bg1 69. Ke2 Bd4 70. Kd3 Bb2 71. Bb4 Kd7 72. Bc3 Bxc3 73. Kxc3 Ke6 74. Kb4 e4 75. fxe4 fxe4 76. Kc3 Ke5 77. c5 Kd5 78. c6 Kxc6 79. Kd4 1/2-1/2

[Event "Prague Summer op-A 6th"]
[Site "Prague"]
[Date "2019.08.07"]
[Round "7"]
[White "Toman, Ondrej"]
[Black "Srinivasa Rao, M."]
[Result "1/2-1/2"]
[WhiteElo "2235"]
[BlackElo "2090"]
[PlyCount "140"]
[EventDate "2019.08.02"]
[EventType "swiss"]
[EventRounds "9"]
[EventCountry "CZE"]
[SourceTitle "CBM 191 Extra"]
[Source "ChessBase"]
[SourceDate "2019.09.30"]
[SourceVersion "1"]
[SourceVersionDate "2019.09.30"]
[SourceQuality "1"]

1. d4 Nf6 2. Bf4 g6 3. Nc3 d5 4. e3 Bg7 5. h4 c5 6. Nb5 Na6 7. c3 Bd7 8. a4 0-0 9. Nf3 Bg4 10. Be2 Ne4 11. 0-0 Re8 12. Ne5 Bxe2 13. Qxe2 f6 14. Nf3 e5 15. dxe5 fxe5 16. Bh2 c4 17. Na3 Nac5 18. Nxc4 dxc4 19. Qxc4+ Kh8 20. b4 Qd3 21. Qf7 Rf8 22. Qc7 Rac8 23. Qe7 Qd7 24. Qxd7 Nxd7 25. Rfd1 Rf7 26. Rac1 Rxc3 27. Ng5 Nxg5 28. Rxc3 Ne6 29. Rcd3 Nef8 30. e4 Kg8 31. f3 Re7 32. Kf1 Kf7 33. Bg1 a6 34. Be3 Bf6 35. g3 Ke8 36. Rd6 Rf7 37. R6d3 Be7 38. Bd2 Nb6 39. a5 Nc4 40. Bc3 Rf6 41. Ke2 Rc6 42. Rd5 Bd6 43. b5 axb5 44. Rxb5 Bc7 45. Rxb7 Nxa5 46. Rxc7 Rxc7 47. Bxa5 Rc2+ 48. Ke3 Nd7 49. f4 Ra2 50. Bb4 Rb2 51. Bc3 Rb3 52. Kd3 Ra3 53. Kc4 Nf6 54. Bxe5 Nxe4 55. Re1 Nd2+ 56. Kd5 Kf7 57. g4 Rd3+ 58. Kc5 Nf3 59. Rb1 Nxe5 60. fxe5 Ke6 61. Rb7 h5 62. Rg7 hxg4 63. Rxg6+ Kxe5 64. Rxg4 Rc3+ 65. Kb4 Rh3 66. Kc4 Kf5 67. Rd4 Kg6 68. Kd5 Kh5 69. Ke5 Rxh4 70. Rd8 Ra4 1/2-1/2

[Event "Prague Summer op-A 6th"]
[Site "Prague"]
[Date "2019.08.04"]
[Round "4"]
[White "Srinivasa Rao, M."]
[Black "Arpita, Mukherjee"]
[Result "1-0"]
[WhiteElo "2090"]
[BlackElo "2290"]
[PlyCount "99"]
[EventDate "2019.08.02"]
[EventType "swiss"]
[EventRounds "9"]
[EventCountry "CZE"]
[SourceTitle "CBM 191 Extra"]
[Source "ChessBase"]
[SourceDate "2019.09.30"]
[SourceVersion "1"]
[SourceVersionDate "2019.09.30"]
[SourceQuality "1"]

1. Nf3 Nf6 2. g3 b6 3. Bg2 Bb7 4. c4 g6 5. 0-0 Bg7 6. Nc3 0-0 7. Re1 c5 8. d4 Ne4 9. Nxe4 Bxe4 10. d5 d6 11. Bh3 Bxf3 12. exf3 Nd7 13. Bg5 Re8 14. Rb1 h6 15. Be3 a6 16. a4 b5 17. axb5 axb5 18. cxb5 Rb8 19. Bf1 Nb6 20. Qd2 Kh7 21. h4 Qc8 22. Red1 Qf5 23. Kg2 Rec8 24. Be2 c4 25. g4 Qd7 26. Qb4 Bf6 27. Kg3 h5 28. Rbc1 e5 29. g5 Bg7 30. Bf1 Rd8 31. Bxb6 Rxb6 32. Qxc4 e4 33. Qxe4 Re8 34. Qd3 Bxb2 35. Rc6 Qa7 36. Rd2 Bg7 37. Rdc2 Re1 38. Kg2 Be5 39. Re2 Rxe2 40. Bxe2 Rb7 41. f4 Bxf4 42. Bxh5 Qa1 43. Be2 Re7 44. Rc4 Be5 45. h5 Kg7 46. hxg6 fxg6 47. Qh3 Kf7 48. Qh7+ Bg7 49. Bd3 Re1 50. Qxg6+ 1-0

[Event "Prague Summer op-A 6th"]
[Site "Prague"]
[Date "2019.08.04"]
[Round "3"]
[White "Vokac, Marek"]
[Black "Srinivasa Rao, M."]
[Result "1-0"]
[WhiteElo "2319"]
[BlackElo "2090"]
[PlyCount "48"]
[EventDate "2019.08.02"]
[EventType "swiss"]
[EventRounds "9"]
[EventCountry "CZE"]
[SourceTitle "CBM 191 Extra"]
[Source "ChessBase"]
[SourceDate "2019.09.30"]
[SourceVersion "1"]
[SourceVersionDate "2019.09.30"]
[SourceQuality "1"]

1. c4 Nf6 2. Nc3 c5 3. e4 d6 4. g3 Nc6 5. Bg2 g6 6. Nge2 Bg7 7. 0-0 0-0 8. d3 a6 9. h3 Rb8 10. f4 Ne8 11. Be3 Nd4 12. Rb1 Nc7 13. b4 b5 14. bxc5 dxc5 15. e5 Be6 16. Ne4 bxc4 17. Rxb8 Qxb8 18. Nxc5 Nxe2+ 19. Qxe2 cxd3 20. Qxd3 Bxa2 21. Nd7 Rd8 22. Rd1 Rxd7 23. Qxd7 Bf8 24. Qd8 Qxd8 1-0

[Event "Abu Dhabi op 25th"]
[Site "Abu Dhabi"]
[Date "2018.08.14"]
[Round "8"]
[White "Byron, Alan M"]
[Black "Srinivasa Rao, M."]
[Result "1-0"]
[WhiteElo "2132"]
[BlackElo "2160"]
[PlyCount "88"]
[EventDate "2018.08.07"]
[EventType "swiss"]
[EventRounds "9"]
[EventCountry "UAE"]
[SourceTitle "CBM 185 Extra"]
[Source "ChessBase"]
[SourceDate "2018.07.29"]
[SourceVersion "1"]
[SourceVersionDate "2018.07.29"]
[SourceQuality "1"]

1. e4 c5 2. Nf3 d6 3. d4 cxd4 4. Nxd4 Nf6 5. Nc3 a6 6. Be2 e5 7. Nb3 Be7 8. Be3 Be6 9. f3 Nbd7 10. Qd2 b5 11. 0-0-0 b4 12. Na4 d5 13. Kb1 d4 14. Bf2 Qc7 15. Nc1 Qc6 16. b3 0-0 17. Nd3 Rfc8 18. g4 a5 19. Bg3 Bd6 20. g5 Nh5 21. Rc1 Qc7 22. Rhf1 Bh3 23. Rf2 f5 24. exf5 Bxf5 25. Ndb2 Nc5 26. Nxc5 Bxc5 27. Bd3 Rf8 28. Re1 Bd6 29. Nc4 Nxg3 30. hxg3 Bxd3 31. Qxd3 a4 32. Qe4 Rad8 33. Rh1 g6 34. Rfh2 axb3 35. axb3 Qf7 36. Rxh7 Qxh7 37. Rxh7 Kxh7 38. Qh4+ Kg8 39. Qh6 Kf7 40. Qh7+ Ke6 41. Qxg6+ Kd5 42. Qe4+ Ke6 43. f4 Rf5 44. Kb2 Rc8 1-0

[Event "Abu Dhabi op 25th"]
[Site "Abu Dhabi"]
[Date "2018.08.13"]
[Round "7"]
[White "Srinivasa Rao, M."]
[Black "Hakobyan, Eduard"]
[Result "1/2-1/2"]
[WhiteElo "2160"]
[BlackElo "2134"]
[PlyCount "131"]
[EventDate "2018.08.07"]
[EventType "swiss"]
[EventRounds "9"]
[EventCountry "UAE"]
[SourceTitle "CBM 185 Extra"]
[Source "ChessBase"]
[SourceDate "2018.07.29"]
[SourceVersion "1"]
[SourceVersionDate "2018.07.29"]
[SourceQuality "1"]

1. e4 c6 2. d4 d5 3. Nd2 dxe4 4. Nxe4 Nf6 5. Nxf6+ exf6 6. c3 Bd6 7. Bd3 0-0 8. Ne2 Bg4 9. Qc2 Bxe2 10. Bxe2 Nd7 11. Be3 g6 12. 0-0-0 f5 13. Kb1 Qc7 14. g3 Nf6 15. Bd3 Rfe8 16. Rhe1 Nd5 17. Bc1 Qd7 18. Qd2 Reb8 19. Ka1 b5 20. h4 h5 21. Rg1 Bf8 22. f3 Bg7 23. Be2 Nf6 24. Qf4 Re8 25. Rg2 Qd5 26. Rdg1 a5 27. Qd2 a4 28. a3 Re6 29. g4 fxg4 30. fxg4 hxg4 31. Bxg4 Nxg4 32. Rxg4 Rae8 33. Qd1 Qb3 34. Qf1 Rf6 35. Rf4 Rxf4 36. Qxf4 Qd5 37. Qh2 Re6 38. Bg5 Qf3 39. Qc7 Kh7 40. Rc1 Re2 41. Qd7 f6 42. Qf7 Rf2 43. h5 fxg5 44. Qxg6+ Kh8 45. h6 Bf8 46. h7 Qf7 47. Qxg5 Rf6 48. Qe5 Bg7 49. Qe2 Kxh7 50. c4 bxc4 51. Qc2+ Kg8 52. Qxa4 Rf1 53. Rxf1 Qxf1+ 54. Ka2 Qd3 55. Qxc6 Qxd4 56. Qe8+ Bf8 57. Qg6+ Qg7 58. Qxg7+ Kxg7 59. a4 Kf7 60. a5 Ke6 61. a6 Bc5 62. b3 c3 63. b4 Bd4 64. Kb3 Kd5 65. a7 Bxa7 66. Kxc3 1/2-1/2

[Event "Abu Dhabi op 25th"]
[Site "Abu Dhabi"]
[Date "2018.08.11"]
[Round "4"]
[White "Bhakti, Kulkarni"]
[Black "Srinivasa Rao, M."]
[Result "0-1"]
[WhiteElo "2312"]
[BlackElo "2160"]
[PlyCount "128"]
[EventDate "2018.08.07"]
[EventType "swiss"]
[EventRounds "9"]
[EventCountry "UAE"]
[SourceTitle "CBM 185 Extra"]
[Source "ChessBase"]
[SourceDate "2018.07.29"]
[SourceVersion "1"]
[SourceVersionDate "2018.07.29"]
[SourceQuality "1"]

1. d4 Nf6 2. c4 g6 3. Nc3 d5 4. Bg5 Ne4 5. Bf4 Nxc3 6. bxc3 dxc4 7. Qa4+ Nd7 8. Be5 f6 9. Bg3 c6 10. Qxc4 Nb6 11. Qd3 Be6 12. Nf3 Nc4 13. e4 Bh6 14. Be2 b5 15. h4 Qa5 16. 0-0 0-0 17. d5 cxd5 18. Nd4 dxe4 19. Qxe4 Bf7 20. Nc6 Qxc3 21. Nxe7+ Kh8 22. Nd5 Bxd5 23. Qxd5 Rae8 24. Bxc4 Qxc4 25. Qd7 a6 26. Rfe1 Qc8 27. Qd6 Bg7 28. Rxe8 Rxe8 29. Rd1 h5 30. Kh2 Qe6 31. Qc7 Re7 32. Qd8+ Re8 33. Qc7 Re7 34. Rd8+ Kh7 35. Qa5 f5 36. Rd6 Qf7 37. Bf4 Qc4 38. g3 Bd4 39. Qd8 Qe2 40. Qxe7+ Qxe7 41. Rxd4 Qe2 42. Rd2 Qc4 43. Be5 Kg8 44. a3 a5 45. f4 Qb3 46. Bb2 Qe3 47. Rc2 Qd3 48. Rf2 Kf7 49. Bc1 Qc3 50. Bb2 Qe3 51. Rc2 Qd3 52. Rf2 Ke6 53. Bc1 Qc3 54. Bb2 Qe3 55. Kg2 Kd5 56. Be5 Qxa3 57. Rd2+ Kc6 58. Rc2+ Kd7 59. Rc7+ Ke6 60. Rg7 Kd5 61. Rxg6 Ke4 62. Rd6 Qf3+ 63. Kh2 Qe2+ 64. Kh3 Kf3 0-1

[Event "Abu Dhabi op 25th"]
[Site "Abu Dhabi"]
[Date "2018.08.07"]
[Round "1"]
[White "Srinivasa Rao, M."]
[Black "Laxman, Rajaram"]
[Result "0-1"]
[WhiteElo "2160"]
[BlackElo "2449"]
[PlyCount "159"]
[EventDate "2018.08.07"]
[EventType "swiss"]
[EventRounds "9"]
[EventCountry "UAE"]
[SourceTitle "CBM 185 Extra"]
[Source "ChessBase"]
[SourceDate "2018.07.29"]
[SourceVersion "1"]
[SourceVersionDate "2018.07.29"]
[SourceQuality "1"]

1. c4 e5 2. g3 Nc6 3. Bg2 d6 4. Nc3 Be6 5. d3 Qd7 6. Nf3 Bh3 7. Bxh3 Qxh3 8. Nd5 Qd7 9. d4 Nge7 10. e4 f5 11. Be3 0-0-0 12. Nxe7+ Nxe7 13. dxe5 fxe4 14. Ng5 dxe5 15. Nf7 Qxd1+ 16. Rxd1 Rxd1+ 17. Kxd1 Rg8 18. Ng5 Nf5 19. Nxe4 Be7 20. Ke2 Rd8 21. Rd1 Nd4+ 22. Bxd4 exd4 23. Kd3 c5 24. Re1 Kd7 25. Re2 Rc8 26. f4 Rc6 27. Nf2 Ra6 28. b3 Ra3 29. Ke4 Ra6 30. Nd3 Re6+ 31. Kf3 Ra6 32. Ne5+ Kc7 33. Nd3 Kd8 34. Ne5 Rf6 35. Ng4 Rb6 36. Ne5 Rf6 37. Ng4 Rb6 38. Ne5 a5 39. Nd3 Bd6 40. Ke4 Bf8 41. Kd5 Rd6+ 42. Ke4 Re6+ 43. Kf3 Rf6 44. Re5 Bd6 45. Rg5 b6 46. Nf2 Bf8 47. Re5 Rf7 48. Rd5+ Kc8 49. Ke4 g6 50. Nd3 a4 51. bxa4 Ra7 52. Re5 Bd6 53. Re8+ Kd7 54. Rh8 Kc6 55. g4 Rxa4 56. Ne5+ Bxe5 57. fxe5 Rxc4 58. e6 Kd6 59. e7 Kxe7 60. Rxh7+ Ke6 61. g5 Rc2 62. Rg7 Re2+ 63. Kf3 Rxa2 64. Rxg6+ Kf5 65. Rxb6 Ra3+ 66. Ke2 Kxg5 67. Rc6 Rc3 68. Kd2 Kf5 69. Rc8 Ke4 70. h4 Kd5 71. Rg8 Rh3 72. Rg2 Rxh4 73. Kc2 Re4 74. Kd2 c4 75. Rg5+ Re5 76. Rg8 c3+ 77. Kd1 Kc4 78. Rg1 Ra5 79. Rg4 Kb3 80. Ke1 0-1

[Event "Hyderabad op 1st"]
[Site "Hyderabad"]
[Date "2006.03.04"]
[Round "9"]
[White "Srinivasa Rao, M."]
[Black "Gupta, Abhijeet"]
[Result "0-1"]
[WhiteElo "2244"]
[BlackElo "2434"]
[PlyCount "94"]
[EventDate "2006.02.25"]
[EventType "swiss"]
[EventRounds "10"]
[EventCountry "IND"]
[SourceTitle "CBM 111 Extra"]
[Source "ChessBase"]
[SourceDate "2006.05.09"]
[SourceVersion "1"]
[SourceVersionDate "2006.05.09"]
[SourceQuality "1"]

1. Nf3 Nf6 2. c4 Nc6 3. d4 e6 4. g3 Bb4+ 5. Bd2 Qe7 6. a3 Bxd2+ 7. Qxd2 a5 8. Nc3 0-0 9. Bg2 e5 10. 0-0 a4 11. dxe5 Nxe5 12. Nd5 Nxf3+ 13. Bxf3 Qd8 14. Nxf6+ Qxf6 15. c5 Ra6 16. Rfd1 b6 17. Qb4 bxc5 18. Qxc5 c6 19. Rac1 h6 20. Rc3 Re8 21. Rd6 Qg5 22. Qd4 Ra5 23. h4 Qf5 24. Bg4 Qb1+ 25. Kg2 Qe4+ 26. Qxe4 Rxe4 27. Bxd7 Bxd7 28. Rxd7 Rxe2 29. Rf3 f6 30. Rc7 Rc2 31. Rf4 h5 32. Kh3 Rxb2 33. Re4 Re5 34. Rxa4 Rxf2 35. Ra8+ Kh7 36. Raa7 Kg6 37. Rxg7+ Kf5 38. Rh7 Re1 39. Ra5+ Kg6 40. Rhxh5 f5 41. Rg5+ Kf6 42. Rgxf5+ Rxf5 43. Ra6 Rc5 44. Ra8 Kg7 45. a4 Ra1 46. Kg4 Rc4+ 47. Kg5 Raxa4 0-1

[Event "Hyderabad op 1st"]
[Site "Hyderabad"]
[Date "2006.02.28"]
[Round "4"]
[White "Srinivasa Rao, M."]
[Black "Rahman, Ziaur"]
[Result "1-0"]
[WhiteElo "2244"]
[BlackElo "2557"]
[PlyCount "105"]
[EventDate "2006.02.25"]
[EventType "swiss"]
[EventRounds "10"]
[EventCountry "IND"]
[SourceTitle "CBM 111 Extra"]
[Source "ChessBase"]
[SourceDate "2006.05.09"]
[SourceVersion "1"]
[SourceVersionDate "2006.05.09"]
[SourceQuality "1"]

1. Nf3 g6 2. c4 Bg7 3. d4 d6 4. g3 Nd7 5. Bg2 e5 6. Nc3 Ne7 7. e4 0-0 8. h3 exd4 9. Nxd4 Ne5 10. b3 a6 11. 0-0 b5 12. f4 c5 13. Nde2 b4 14. fxe5 bxc3 15. Qxd6 Qxd6 16. exd6 Nc6 17. Be3 Nd4 18. Bxd4 cxd4 19. Rad1 c2 20. Rd2 Bb7 21. e5 Bxg2 22. Kxg2 Bxe5 23. Nxd4 Bxd6 24. Nxc2 Be5 25. Rd7 a5 26. Ne3 h5 27. Nd5 Ra6 28. Re1 Bb2 29. Ree7 Ba3 30. Ra7 Re6 31. Rxe6 fxe6 32. Nf4 Rf5 33. Nxg6 Rg5 34. Nf4 Re5 35. h4 Bb4 36. Nd3 Re3 37. Nxb4 axb4 38. Rb7 Re2+ 39. Kf3 Rxa2 40. Rxb4 Kf7 41. c5 Ke7 42. Rb7+ Kf6 43. b4 Ke5 44. Rh7 Ra3+ 45. Kg2 Rb3 46. Rxh5+ Kd4 47. c6 Rxb4 48. c7 Rc4 49. Rh7 e5 50. Rd7+ Ke3 51. h5 Rc2+ 52. Kh3 Rc6 53. Kg4 1-0

[Event "IND-ch 30th"]
[Site "Calicut"]
[Date "2003.12.19"]
[Round "22"]
[White "Srinivasa Rao, M."]
[Black "Roy Chowdhury, Saptarshi"]
[Result "1/2-1/2"]
[WhiteElo "2329"]
[BlackElo "2421"]
[PlyCount "108"]
[EventDate "2003.12.04"]
[EventType "tourn"]
[EventRounds "23"]
[EventCountry "IND"]
[EventCategory "8"]
[SourceTitle "CBM 097 Extra"]
[Source "ChessBase"]
[SourceDate "2004.01.13"]
[SourceVersion "1"]
[SourceVersionDate "2004.01.13"]
[SourceQuality "1"]

1. c4 e5 2. Nc3 Nc6 3. g3 g6 4. Bg2 Bg7 5. Nf3 d6 6. d3 Nf6 7. 0-0 0-0 8. Rb1 a5 9. a3 h6 10. b4 axb4 11. axb4 Be6 12. b5 Ne7 13. Bb2 Qd7 14. c5 Nfd5 15. Nxd5 Bxd5 16. Qc1 Ba2 17. Ra1 Qxb5 18. Ba3 e4 19. Rxa2 exf3 20. Bxf3 Qb3 21. cxd6 Qxa2 22. dxe7 Rfe8 23. Bb4 c6 24. Bg4 Qb3 25. Bd6 Qd5 26. Qf4 g5 27. Qb4 Be5 28. Bxe5 Qxe5 29. Qxb7 c5 30. Qc6 Rab8 31. Qxh6 Rxe7 32. Qc6 Rc7 33. Qf3 Kg7 34. Bf5 Rb4 35. e4 Kf8 36. Qe3 Qf6 37. Rc1 Rd4 38. Qd2 Qd8 39. Qa5 Qd6 40. Rb1 Rxd3 41. Qa8+ Kg7 42. Qa1+ Rd4 43. Kg2 c4 44. h4 gxh4 45. Rh1 Qb6 46. Rxh4 Ra7 47. Qc1 Qf6 48. Qf4 Ra8 49. Qc7 Rad8 50. Qc5 Qd6 51. Qa7 Qf6 52. Qc5 Qd6 53. Qa7 Qf6 54. Qc5 Qd6 1/2-1/2

[Event "IND-ch 30th"]
[Site "Calicut"]
[Date "2003.12.18"]
[Round "21"]
[White "Satyapragyan, Swayangsu"]
[Black "Srinivasa Rao, M."]
[Result "0-1"]
[WhiteElo "2415"]
[BlackElo "2329"]
[PlyCount "126"]
[EventDate "2003.12.04"]
[EventType "tourn"]
[EventRounds "23"]
[EventCountry "IND"]
[EventCategory "8"]
[SourceTitle "CBM 097 Extra"]
[Source "ChessBase"]
[SourceDate "2004.01.13"]
[SourceVersion "1"]
[SourceVersionDate "2004.01.13"]
[SourceQuality "1"]

1. e4 c5 2. Nf3 d6 3. d4 cxd4 4. Nxd4 Nf6 5. Nc3 a6 6. Be3 e5 7. Nf3 h6 8. Bc4 Be6 9. Qe2 Bxc4 10. Qxc4 Nbd7 11. 0-0 Rc8 12. Qb3 Qc7 13. a4 Be7 14. a5 0-0 15. Nh4 Nc5 16. Bxc5 dxc5 17. Qc4 Rfd8 18. Nf5 Bf8 19. Qe2 Qc6 20. Qf3 Rd2 21. Ne3 Rd4 22. Nf5 Rd2 23. Rac1 Kh8 24. Rfd1 Rcd8 25. Rxd2 Rxd2 26. h3 c4 27. Kh1 Bb4 28. Qg3 Nh5 29. Qxe5 Qf6 30. Qe8+ Kh7 31. Rf1 g6 32. Ne3 Bxc3 33. bxc3 Rxf2 34. Kg1 Rxf1+ 35. Nxf1 Nf4 36. Ng3 Kg7 37. e5 Qg5 38. Kf2 Ne6 39. Ne2 Qxe5 40. Qc8 Qf5+ 41. Ke1 Qe4 42. Kd2 Qxg2 43. Qxc4 Qg5+ 44. Ke1 Qxa5 45. Qe4 Qc7 46. c4 a5 47. Kd1 Qd6+ 48. Kc1 Qa3+ 49. Kd2 Qxh3 50. Qxb7 Qg4 51. Qb2+ Kh7 52. Qb7 Qf5 53. Nc3 Qf4+ 54. Ke1 Qe3+ 55. Ne2 Ng5 56. c5 Qxc5 57. Kf1 Qf5+ 58. Ke1 Qxc2 59. Kf2 Qc5+ 60. Kg2 Qe3 61. Ng3 a4 62. Kh2 Qf2+ 63. Kh1 Qf3+ 0-1

[Event "IND-ch 30th"]
[Site "Calicut"]
[Date "2003.12.16"]
[Round "18"]
[White "Venkatesh, Marani Rajendran"]
[Black "Srinivasa Rao, M."]
[Result "1-0"]
[WhiteElo "2401"]
[BlackElo "2329"]
[PlyCount "77"]
[EventDate "2003.12.04"]
[EventType "tourn"]
[EventRounds "23"]
[EventCountry "IND"]
[EventCategory "8"]
[SourceTitle "CBM 097 Extra"]
[Source "ChessBase"]
[SourceDate "2004.01.13"]
[SourceVersion "1"]
[SourceVersionDate "2004.01.13"]
[SourceQuality "1"]

1. e4 c5 2. Nf3 d6 3. Bb5+ Bd7 4. Bxd7+ Qxd7 5. c4 Nc6 6. 0-0 Nf6 7. Nc3 e6 8. d4 cxd4 9. Nxd4 Be7 10. Nde2 0-0 11. Bg5 a6 12. b3 b5 13. cxb5 axb5 14. Nxb5 Nxe4 15. Bxe7 Qxe7 16. a4 d5 17. Rc1 Rfc8 18. Ned4 Nb4 19. f3 Rxc1 20. Qxc1 Nc5 21. Qc3 Ncd3 22. Rd1 e5 23. Nc6 Qg5 24. Qd2 Qxd2 25. Rxd2 Kf8 26. f4 f6 27. fxe5 fxe5 28. Nc7 Rc8 29. Nxb4 Nxb4 30. Nxd5 Rc1+ 31. Kf2 Nc6 32. b4 Nd4 33. b5 Rb1 34. b6 Nc6 35. Rc2 Nd4 36. Rc7 Rb2+ 37. Ke3 Rb1 38. b7 Nf5+ 39. Ke4 1-0

[Event "IND-ch 30th"]
[Site "Calicut"]
[Date "2003.12.15"]
[Round "16"]
[White "Ramesh, Ramachandran B"]
[Black "Srinivasa Rao, M."]
[Result "1-0"]
[WhiteElo "2466"]
[BlackElo "2329"]
[PlyCount "91"]
[EventDate "2003.12.04"]
[EventType "tourn"]
[EventRounds "23"]
[EventCountry "IND"]
[EventCategory "8"]
[SourceTitle "CBM 097 Extra"]
[Source "ChessBase"]
[SourceDate "2004.01.13"]
[SourceVersion "1"]
[SourceVersionDate "2004.01.13"]
[SourceQuality "1"]

1. e4 c5 2. Nf3 d6 3. d4 cxd4 4. Nxd4 Nf6 5. Nc3 a6 6. f3 e5 7. Nb3 Be6 8. Be3 Nbd7 9. g4 b5 10. g5 b4 11. Nd5 Nxd5 12. exd5 Bf5 13. Bd3 Bxd3 14. Qxd3 Be7 15. h4 0-0 16. 0-0-0 a5 17. Nd2 f5 18. Kb1 a4 19. f4 Qc7 20. Nc4 e4 21. Qd4 b3 22. Rc1 Rfc8 23. cxb3 axb3 24. a3 Ra4 25. Nb6 Rxd4 26. Rxc7 Rxc7 27. Bxd4 Nxb6 28. Bxb6 Rb7 29. Bf2 Rb5 30. Rh3 Bd8 31. a4 Rb7 32. Rc3 Ba5 33. Rc8+ Kf7 34. Be3 Kg6 35. Kc1 Rc7+ 36. Rxc7 Bxc7 37. Bd2 Kh5 38. a5 e3 39. Bb4 Kg4 40. a6 Bb8 41. Bc3 Ba7 42. Bxg7 e2 43. Kd2 Kf3 44. Bc3 Kxf4 45. Kxe2 Kg4 46. Be1 1-0